000 00817pam a2200241 a 4500
001 3854294
003 ARRUPE
005 20161116091246.0
008 880128r19881961dcu 000 1 eng
010 _a 88001270
020 _a0882581554 :
_c$7.95
040 _aDLC
_cDLC
_dDLC
050 0 0 _aPS3563.A7223
_bS68 1988
082 0 0 _a813/.54
_219
100 1 _aMarshall, Paule,
_d1929-
_927475
245 1 0 _aSoul clap hands and sing /
_cPaule Marshall ; [with an introduction by Darwin T. Turner].
260 _aWashington, D.C. :
_bHoward University Press,
_c1988.
300 _axlviii, 185 p. ;
_c21 cm.
440 0 _aHoward University Press library of contemporary literature
_927476
906 _a7
_bcbc
_corignew
_d1
_eocip
_f19
_gy-gencatlg
942 _2lcc
_cMONOGRAPH
999 _c125738
_d125738